Nông dân Cảnh đời nông thôn

שמור ב:
מידע ביבליוגרפי
מחבר ראשי: Banzăc, Hônôređơ
מחברים אחרים: Trọng Đức (Dịch)
פורמט: ספר
שפה:Vietnamese
יצא לאור: H. Văn học 1981
סדרה:Văn học cổ điển nước ngoài. Văn học Pháp
נושאים:
תגים: הוספת תג
אין תגיות, היה/י הראשונ/ה לתייג את הרשומה!
Thư viện lưu trữ: Mạng thư viện Đại học Đà Nẵng
LEADER 00936nam a22003378a 4500
001 000014463
003 10828
005 20120503070521.0
008 120503s1981 b 000 0 vieod
020 |c 17đ  |d 10200b 
041 0 |a vie 
041 0 |a dịch pháp 
084 |a V6 
100 1 |a Banzăc, Hônôređơ 
245 1 0 |a Nông dân  |b Cảnh đời nông thôn  |c Hônôređơ Banzăc ; Trọng Đức dịch 
260 |a H.  |b Văn học  |c 1981 
300 |a 360tr  |c 19cm 
490 |a Văn học cổ điển nước ngoài. Văn học Pháp 
500 |a Dịch từ tiếng Pháp 
653 |a Văn học cận đại 
653 |a Tiểu thuyết 
653 |a Pháp 
700 1 |a Trọng Đức  |e Dịch 
OWN |a LSP 
999 |a From the UDN01 
TYP |a Monograph 
TYP |a Printed language 
980 |a Mạng thư viện Đại học Đà Nẵng